000 01322cam a2200349 i 4500
001 9614
003 Mx-PuUPA
005 20220222131551.0
008 140415s1989 sp a gre 001 0 spa d
017 _aM. 14.037-1973
020 _a8423952150
_qtomo 15
040 _aMx-PuUPA
_bspa
_cMx-PuUPA
_dMx-PuUPA
_erda
041 0 _aspa
100 1 _912062
_aPijoán, José,
_d1881-1963
_eautor
245 1 0 _aEl arte del renacimiento en el norte y el centro de Europa /
_cJosé Pijoán
250 _aSéptima edición
264 1 _aMadrid :
_bEspasa-Calpe,
_c1989
_c©1952
300 _ax, 692 páginas, xxvi hojas :
_bilustraciones, láminas (algunas a color) ;
_c28 cm
336 _2rdacontent
_atexto
_btxt
336 _2rdacontent
_aimagen fija
_bsti
337 _2rdamedia
_asin medio
_bn
338 _2rdacarrier
_avolumen
_bnc
490 1 _aSumma artis, historia general del arte ;
_v15
650 7 _aArte
_xHistoria
_2armarc
655 7 _2armarc
_aEnciclopedias
785 0 0 _aPijián, José,
_bSexta edición
_dMadrid : Espasa-Calpe, 1989
_tArte barroco en Francia, Italia y Alemania : siglos XVII y XVIII
_w(Mx-PuUPA) 9616
_z8423952169
830 0 _912114
_aSumma artis, historia general del arte
_v15
942 _2ddc
_cLI
_h709
_iS955
999 _c9614
_d9614